Szczegóły MARC21

Autyzm od wewnątrz - przewodnik /

003 -Nazwa inst., której nr kontr. jest w polu 001 [,]
    • @
    • Nazwa instytucji, której n kontrolny jest w polu 001
    • NUKAT
005 -DATA I CZAS OSTATNIEJ MODYFIKACJI [,]
    • @
    • pole kontrolne
    • 20241231085349.0
020 -Międzynarod. znormalizowany nr książki - ISBN [ , ]
    • a
    • Numer ISBN
    • 9788388839597 Find
020 -Międzynarod. znormalizowany nr książki - ISBN [ , ]
    • a
    • Numer ISBN
    • 9789197536554 Find
    • q
    • Dopowiedzenie
    • oryg.
020 -Międzynarod. znormalizowany nr książki - ISBN [ , ]
    • a
    • Numer ISBN
    • 8388839594 Find
040 -Instytucja sporządzająca opis [ , ]
    • a
    • Instytucja, która sporządziła opis (NP)
    • OLSZT 003/HP
    • c
    • Instytucja, która sporządziła rekord (NP)
    • OLSZT 003/HP
    • d
    • Instytucja, która zmodyfikowała rekord (P)
    • OLSZT 003/DSs
    • d
    • Instytucja, która zmodyfikowała rekord (P)
    • WR U/dl
    • d
    • Instytucja, która zmodyfikowała rekord (P)
    • LUBL U/WAG
    • d
    • Instytucja, która zmodyfikowała rekord (P)
    • WA U/89RP
041 -Język dokumentu [1, ]
    • a
    • Język tekstu (P)
    • polski
    • k
    • Język tekstu przekładu pośredniego
    • angielski
    • h
    • Język tekstu oryginalnego i/lub pośredniego (P)
    • flamandzki/holenderski/niderlandzki
942 -Rodzaj dokumentu [ , ]
    • c
    • Rodzaj dokumentu
    • Książka
100 -Hasło główne - nazwa osobowa [1, ]
    • a
    • Nazwa osobowa (NP)
    • De Clercq, Hilde
    • d
    • Daty biograficzne (NP)
    • (1958- ).
    • 9
    • KHW
    • 588150
240 -Tytuł ujednolicony [1,0]
    • a
    • Tytuł ujednolicony
    • Autisme van binnen uit
    • l
    • Język tekstu
    • (pol.)
    • 9
    • KHW
    • 588152
245 -Strefa tytułu i oznaczenia odpowiedzialności [1,0]
    • a
    • Tytuł
    • Autyzm od wewnątrz - przewodnik / Find
    • c
    • Pozostałe elementy strefy tytułu i oznaczenia odpowiedzialności (NP)
    • Hilde De Clercq ; tł. z przekł. ang. Krystyna Alicja Sip.
260 -Strefa adresu wydawniczego [ , ]
    • a
    • Miejsce wydania (P)
    • Warszawa :
    • b
    • Nazwa wydawcy (P)
    • Fraszka Edukacyjna :
    • b
    • Nazwa wydawcy (P)
    • Fundacja Synapsis,
    • c
    • Data wydania (P)
    • cop. 2007.
300 -Strefa opisu fizycznego [ , ]
    • a
    • Określenie formy książki i/lub objętość (NP)
    • 405, [3] s. ;
    • c
    • Format (NP)
    • 24 cm.
336 -Typ zawartości [ , ]
    • a
    • Termin opisujący typ zawartości
    • Tekst
    • b
    • Kod określający zawartość
    • txt
    • 2
    • Źródło (terminu i kodu)
    • rdacontent
337 -Typ mediów [ , ]
    • a
    • Tryb odtwarzania
    • Bez urządzenia pośredniczącego
    • b
    • Kod typu mediów
    • n
    • 2
    • Źródło (terminu i kodu)
    • rdamedia
338 -Typ/rodzaj nośnika [ , ]
    • a
    • Hasło opisujące typ nośnika
    • Wolumin
    • b
    • Kod typu nośnika
    • nc
    • 2
    • Źródło (terminu i kodu)
    • rdacarrier
490 -Strefa serii i książki wielotomowej - forma nie do wyszukiwania [1, ]
    • a
    • Tytuł (P)
    • Seria z Parasolem Find
830 -Hasło dodatkowe serii i opisu książki wielotomowej - tytuł ujednolicony/tytuł [ ,0]
    • a
    • Tytuł ujednolicony/tytuł (NP)
    • Seria z Parasolem
    • 9
    • KHW
    • 583133
500 -Uwaga ogólna [ , ]
    • a
    • Uwaga ogólna (NP)
    • Książka została wydana w ramach projektu "Partnerstwo dla Rain Mana - Rain Man dla Partnerstwa".
500 -Uwaga ogólna [ , ]
    • a
    • Uwaga ogólna (NP)
    • Tyt wersji ang.: Autism from within. Tyt. oryg.: Autisme van binnen uit.
504 -Uwaga dot. bibliogr. załącznikowej [ , ]
    • a
    • Uwaga dot. bibliografii załącznikowej
    • Bibliogr. s. 379-389.
080 -Uniwersalna Klasyfikacja Dziesiętna [ , ]
    • 2
    • Identyfikator wydania tablic
    • UDC-P058
    • 9
    • UKD
    • 4780
    • a
    • Symbol klasyfikacji
    • 616.896
    • b
    • Dopowiedzenie
    • Autyzm.
    • 4
    • UKD2
    • 8168
    • x
    • Poddział wspólny
    • (083.1)
    • c
    • Dopowiedzenie poddz. wspólnego
    • (Przepisy. Instrukcje. Poradniki praktyczne).
650 -Hasło przedmiotowe [ ,7]
    • a
    • Hasło przedmiotowe
    • Autyzm wczesnodziecięcy
    • v
    • Określnik formalny
    • poradniki.
    • 2
    • Źródło terminu
    • kaba
    • 9
    • KHW
    • 411663
650 -Hasło przedmiotowe [ ,7]
    • a
    • Hasło przedmiotowe
    • Dzieci autystyczne
    • x
    • Określnik rzeczowy
    • rehabilitacja
    • v
    • Określnik formalny
    • poradniki.
    • 2
    • Źródło terminu
    • kaba
    • 9
    • KHW
    • 382184
980 -Symbol UKD [ , ]
    • a
    • UKD
    • 616.896(083.1)
700 -Hasło dodatkowe - nazwa osobowa [1, ]
    • a
    • Nazwa osobowa (NP)
    • Sip, Krystyna. Find
    • e
    • Określenie rodzaju współpracy
    • Tł.
    • 9
    • KHW
    • 588149
710 -Hasło dodatkowe - nazwa ciała zbiorowego [2, ]
    • a
    • Nazwa ciała zbiorowego lub nazwa geograficzna jako pierwszy element (NP)
    • Wydawnictwo Fraszka Edukacyjna.
    • 4
    • Kod relacji
    • pbl
    • 9
    • KHW
    • 78331
920 -ISBN [ , ]
    • a
    • ISBN
    • 978-83-88839-59-7 Find
920 -ISBN [ , ]
    • a
    • ISBN
    • 978-91-975365-5-4 Find
    • q
    • Dopowiedzenie
    • oryg.
920 -ISBN [ , ]
    • a
    • ISBN
    • 83-88839-59-4 Find
Numer inwentarzowy Lokalizacja Data inwentaryzacji Status udost.
Pd.19763BG2009-01-091